000 01010cam a2200325 i 4500
001 17583233
003 OSt
005 20230310111709.0
008 130108s2012 enk 001 0 eng
010 _a 2012518691
020 _a1292083230
040 _aDLC
_cDLC
_erda
042 _apcc
050 0 0 _aHD69
_b.B35 2012
100 1 _aBarker, Stephen
245 1 0 _aBrilliant project management :
_bwhat the best project managers know, do and say /
_cStephen Barker and Rob Cole.
246 3 0 _aProject management
250 _a3rd ed.
264 1 _aHarlow, England :
_bPearson,
_c2012.
300 _ax, 187 p;
336 _atext
_2rdacontent
337 _aunmediated
_2rdamedia
338 _avolume
_2rdacarrier
500 _aIncludes index.
650 0 _aProject management.
700 1 _aCole, Rob.
906 _a7
_bcbc
_corigcop
_d2
_encip
_f20
_gy-gencatlg
942 _2lcc
_cBK
999 _c20047
_d20046